000 01209nam a22003617a 4500
003 CHAP
005 20220329135750.0
008 971013s1965 r 00010 d
010 _a41721
011 _a42693
035 _a46822
040 _cCHAP
082 _a581.4
_bE83p 1965
100 0 0 _aEsau, Katherine.
_937377
245 _aPlant anatomy
250 _a2 ed.
260 _aNew York :
_bWiley,
_c1965
300 _a767 p.
_b: ilus.
490 _aWiley international edition
590 _aBATCH-UPD
_b10
_c20130110
_lUCH01
_h0117
590 _aBATCH-UPD
_b10
_c20130110
_lUCH01
_h1050
590 _aBATCH-UPD
_b10
_c20130410
_lUCH01
_h0647
590 _aBATCH-UPD
_b10
_c20130914
_lUCH01
_h0326
590 _aCONVERSION
_b10
_c20130109
_lUCH01
_h1323
650 1 4 _aAnatomía vegetal.
_95495
650 1 4 _aCitología e histología vegetales.
_923495
830 0 _aWiley international edition
_9121936
901 _aBK
942 _cLIBRO
949 _a581.4 E83p 1965
_bBC
_cLIBRO
_d33724000540670
_eLIBRO
_fc.3
_h39477
_i46822
_si
949 _a581.4 E83p 1965
_bBC
_cLIBRO
_d33724000658829
_eLIBRO
_fc.2
_h18027
_i46822
_si
_t237.50
949 _a581.4 E83p 1965
_bBC
_cLIBRO
_d33724000659603
_eLIBRO
_h17856
_i46822
_si
999 _c41721
_d41721